Statistics for Horrible Histories Monarch Song Lyric Fill-in (chorus only)

Click here to take the quiz!

General Stats

  • This quiz has been taken 1,650 times
  • The average score is 34 of 41

Answer Stats

HintAnswer% Correct
William
98%
Henry
96%
William
96%
Henry
94%
_____, Oi!John
94%
Richard
93%
Then three more ______s join our songHenry
91%
Stephen
91%
good Queen _____Bess
89%
Ed
89%
Henry
89%
____ the thirdRich
89%
Ed
87%
_____ againEd
87%
_____ oneMary
87%
Ed
86%
Henry
86%
Henry
86%
____ twoRich
86%
Charles
84%
and _______Charles
84%
Jimmy
84%
Edward
82%
And Queen ____ two completes the mix!Liz
82%
Edward
81%
and then ___Jim
81%
Mary
81%
Will
81%
George
80%
George
80%
George
79%
George
79%
______ sixGeorge
78%
Victoria
77%
Edward
75%
That's all the ________ kings and queensEnglish
75%
Since _______ the first that there have been!William
75%
Edward
74%
George
74%
Will
74%
Anne Gloria
65%

Score Distribution

Percentile by Number Answered

Percent of People with Each Score

Your Score History

You have not taken this quiz